000 01125cam a2200253 4500
001 L136963
008 070307s2006 xxk f 000 0 eng d
020 _a1843182769
022 1 _a1477-2558
035 _a(Sirsi) u136963
041 0 _aeng
050 0 4 _a650.14
245 0 0 _aTarget
_bproperty 2006
250 _a18th ed.
260 _aWallingford
_bGTI Specialist Publishers
_c2006
300 _a88p.
_bill
_c27cm
520 _aProvides advice for graduates seeking jobs in property. Includes information on the different sectors of the industry, as well as guidance on how to find and apply for a job, the potential for postgraduate study and profiles of employers and course providers. Further information and a searchable database of employers can be found at www.targetcareers.co.uk/property.
520 _aSupersedes the 17th edition (ISBN 1843182025)
651 4 _aUnited Kingdom
_y
690 _aCAREERS, EDUCATION AND TRAINING-CAREERS IN SURVEYING
700 1 _aKiley, Penny
_eEditor
856 4 8 _uhttps://www.targetcareers.co.uk/property
_zView the targetcareers.co.uk property website...
942 _n0
999 _c106562
_d106562